Strategic priorities for sustainable schools (Record no. 109169)

MARC details
000 -LEADER
fixed length control field 01365cad a22002055a 4500
001 - CONTROL NUMBER
control field L146437
008 - FIXED-LENGTH DATA ELEMENTS--GENERAL INFORMATION
fixed length control field 090121s2008 xxk f 000 0 eng d
035 ## - SYSTEM CONTROL NUMBER
System control number (Sirsi) u146437
041 0# - LANGUAGE CODE
Language code of text/sound track or separate title eng
050 04 - LIBRARY OF CONGRESS CALL NUMBER
Classification number 370 $2 22
110 2# - MAIN ENTRY--CORPORATE NAME
Corporate name or jurisdiction name as entry element Sustainable Development Commission
9 (RLIN) 4213
245 00 - TITLE STATEMENT
Title Strategic priorities for sustainable schools
Medium [electronic resource]
260 ## - PUBLICATION, DISTRIBUTION, ETC.
Place of publication, distribution, etc. [S.l.]
Name of publisher, distributor, etc. SDC
Date of publication, distribution, etc. 2008
520 ## - SUMMARY, ETC.
Summary, etc. Establishes the need for sustainable development to be a component of education and children services and systems. Sets out eight sustainability themes to be included in the curriculum, in the campus and in the community. Includes six strategic priorities for schools to improve sustainable development: to reduce carbon emission; to set up a regulatory framework; to introduce sustainable development as part of the curriculum for students aged 14 to 19 years old; to include sustainable development in teacher training and development programmes; to link the 21st century school with sustainability; include sustainable development in all schools projects and initiatives.
590 ## - LOCAL NOTE (RLIN)
Local note KA
651 #4 - SUBJECT ADDED ENTRY--GEOGRAPHIC NAME
Geographic name England
Chronological subdivision 886-
690 ## - LOCAL SUBJECT ADDED ENTRY--TOPICAL TERM (OCLC, RLIN)
Topical term or geographic name as entry element ENVIRONMENTAL AND LAND CONSULTANCY-SUSTAINABILITY-SUSTAINABLE DEVELOPMENT
856 40 - ELECTRONIC LOCATION AND ACCESS
Uniform Resource Identifier <a href="https://www.sd-commission.org.uk/publications.php?id=879">https://www.sd-commission.org.uk/publications.php?id=879</a>
Public note View the note free of charge at www.sd-commission.org.uk...
942 ## - ADDED ENTRY ELEMENTS (KOHA)
Suppress in OPAC 0
Holdings
Withdrawn status Lost status Source of classification or shelving scheme Damaged status Not for loan Home library Current library Shelving location Date acquired Total Checkouts Full call number Barcode Date last seen Copy number Price effective from Koha item type
    Dewey Decimal Classification     Virtual Virtual Online 21/01/2009   ONLINE PUBLICATION 146437-2001 06/08/2019 1 06/08/2019 Book